Estadísticas para Geografía por Imágenes- N

Haz click aquí para tomar la prueba!

Estadísticas generales

  • Esta prueba ha sido tomada 800 veces
  • La puntuación promedio es 12 de 18

Estadísticas de respuestas

Answer % Correct
Cataratas del {Niágara}
95%
Nepal
88%
Mar {Negro}
88%
Nilo
86%
Noruega
85%
Níger
77%
Nevada
76%
Nauru
70%
Navarra
68%
Nairobi
66%
Normandía
57%
Namib
56%
{Nueva} {Guinea}
51%
Nuakchot
49%
{Nueva} {Orleans}
45%
{Nueva} {Escocia}
41%
{Nottingham}shire
36%
Niza
31%

Distribución de puntuación

Porcentaje por número respondido

Porcentaje de gente con cada puntuación

Historial de tus puntuaciones

No has tomado esta prueba